000 00643nam a2200205 a 4500
999 _c5500
_d5500
001 5500
003 BD-JhCC
005 20191212134008.0
008 171217s1998 bg ||||| |||| 00| 0 ben d
035 _a(BD-JhCC)5500
040 _aBD-JhCC
_dBD-JhCC
041 _aben
082 _a516
_bLUT 1998
100 _a লুৎফুজ্জান, এ. এ. কে. এম.
245 _aউচ্চ মাধ্যমিক জ্যামিতি ও ক্যালকুলাস /
_cএ. এ. কে. এম. লুৎফুজ্জান
300 _a132 p. :
_c24 cm.
650 _aGeometry
942 _2ddc
_cBK
_02